01228naa a2200253 i 4500001000400000003000400004005001700008008003900025040000800064080001100072100014000083245009400223260001000317500002100327520023900348650001000587650002100597655003000618773018800648711007200836942001300908999001500921952003800936BPPBPK20180124125929.0140814s2012 pl f |100 0 pol cBPK a637.56 aBIL, Tadeusz.d1996 - .bPolitechnika Koszalińska - Wydział Mechaniczny,cKatedra Procesów i Urządzeń Przemysłu Spożywczego aPozycjonowanie ryb podczas mechanicznego odgławiania /cWaldemar Wieliczko, Tadeusz Bil. c2012. aDane z autopsji. aW pracy poddano analizie istniejące metody odgławiania i wskazano możliwe do wykorzystania inne sposoby pozycjonowania ryb względem narzędzi tnących, pozwalające zmniejszyć straty surowcowe podczas procesu odgławiania. 0aRyby. aPrzemysł rybny. 0aMateriały konferencyjne. iW :tBudowa i eksploatacja maszyn przemysłu spożywczego BEMS 2004 : XV Konferencja Naukowo-Techniczna. -dKoszalin : Wydaw. Uczelniane Politechniki Koszaliäskiej, 2012. -gs. 171 a BEMS 2012n(15 ;d2012 ;cKoszalin-Kołobrzeg, Polska).pBEMS 2012 cART2UKD c6441d6441 00104070aBPKbBPKo100793yART